Villes de France en images par lettre - B - Statistiques

Statistiques générales
  • Ce quiz a été pris 236 fois
  • Le résultat moyen est 8 sur 15
Statistiques - réponses
Par images Hint Réponse % Correct
Nouvelle-Aquitaine Bordeaux
83%
Bretagne Brest
80%
Nouvelle-Aquitaine Biarritz
70%
Bourgogne-Franche-Comté Besançon
66%
Île-de-France Boulogne-Billancourt
65%
Corse Bastia
60%
Centre-Val de Loire Bourges
55%
Nouvelle-Aquitaine Bayonne
52%
Centre-Val de Loire Blois
50%
Occitanie Béziers
43%
Hauts-de-France Beauvais
39%
DROM Basse-Terre
29%
Auvergne-Rhône-Alpes Bourg-en-Bresse
29%
Nouvelle-Aquitaine Brive-la-Gaillarde
20%
Normandie Bayeux
17%
Aucun quiz correspondant
Distribution des résultats
% des personnes avec chaque résultat
Percentile par nombre de réponses
Votre historique - résultats
Vous n’avez pas pris ce quiz